Регионална библиотека "Любен Каравелов" - Русе

Полицията в България 1879 - 1944 (Запис номер 103709)

MARC детайли
000 -Лидер
Контролно поле с фиксирана дължина 01552nam a2200361 c 4500
003 - Код на организацията, давaща контролен номер
Контролно поле BLK
005 - Дата и час на последна редакция
Контролно поле 20230817112940.0
008 - Елементи от данни с фиксирана дължина
fixed length control field 180409b bul|||||r ||||||| ||bul||
010 ## - Наследен системен номер
LC control number KNG00108787000
020 ## - Международен стандартен номер на книга ISBN
Международен стандартен номер на книга ISBN 954-751-049-5
-- издат.: Албатрос
040 ## - Източник на каталожния запис
Идентификатор на билиотеката - собственик на записа BLK
041 ## - Код за език
Код за езика на текст/звукозапис или на отделно заглавие Български
Код за езика КДБФ Български
080 ## - УДК
Текстов определител УДК Органи на обществения ред. Полиция. Обществена власт. Доброволни отреди. Държавна сигурност. Милиция. Дейност на полицията по вътрешно разузнаване
УДК код - определител по УДК 351.74
УДК определител (497.2)(091)
УДК - код + определител 351.74(497.2)(091)
100 1# - Редна дума - Автор
Автор Симеонов, Стефан
Авторска отговорност първи автор
R(LIN) 363324
139 ## - Редно поле
Редна дума Симеонов, Стефан
Авторски знак Сим - С 37
245 10 - Сведения за заглавието
Заглавие Полицията в България 1879 - 1944
Подзаглавни данни Полит., правни и управл. аспекти
Редно поле (дума) Стефан Симеонов.
257 ## - Страна на издаване
Страна на създаване/издаване България
260 ## - Област на издателските данни
-- София
Име на издателя, разпространителя и проч. Албатрос
Година на издаване 2003
Печатница София : Скала
300 ## - Физическа характеристика
Страници 192 с.
Размери/Мащаб 24 см
380 ## - Жанр
Жанр Обществени науки
500 ## - Общи забележки
Забележка Офс. изд. - Библиогр. с. 159-166 и под линия.
504 ## - Забележка за наличие на библиография и др
Забележка за наличие на библиография и под. 159-166 и под л
650 #4 - Допълнително описание по предмет – тема
Основно описание – тема или топоним Полиция - България - история
9 (RLIN) 244237
653 ## - Ключова дума – ненормативна
Ключова дума полиция
653 ## - Ключова дума – ненормативна
Ключова дума България
653 ## - Ключова дума – ненормативна
Ключова дума история
852 ## - Местоположение
Форматна сигнатура Цб 216573
856 4# - Електронен адрес и достъп
Електронен формат pdf - файл
Път до файла /url/
856 4# - Електронен адрес и достъп
Електронен формат pdf - файл
Път до файла /url/
942 ## - АРТИКУЛИ
Вид на библиотечния материал Книги
Скрит в OPAC Не
Koha issues (borrowed), all copies 5
944 ## - СЪЗДАВАНЕ И РЕДАКЦИЯ на ЗАПИСА
Създаване/Редакция Създаване
Дата на регистрацията/редакция 05.11.2003
Служител, извършил регистрацията/редакцията 30575
Статус, дата на статуса Мартин Енчев
944 ## - СЪЗДАВАНЕ И РЕДАКЦИЯ на ЗАПИСА
Създаване/Редакция Редакция
Дата на регистрацията/редакция 21.06.2004
Служител, извършил регистрацията/редакцията
999 ## - СИСТЕМНИ КОНТРОЛНИ НОМЕРА
Koha biblionumber 103709
Koha biblioitemnumber 103709
Наличности
Код за отписване Код за изгубен артикул Код за повреда Коз за рестрикции Код за отдаване Артикулен № Име на библиотеката - собственик Име на библиотеката, в която се намира в момента Статус (Текущо местоположение) Дата на вписване в системата Местоположение - отдел Цена в лева Инвентарен номер Систематично азбучна сигнатура Баркод Номер на екземпляра Цена в евро Служебна бележка Служебен тип на артикула
  Не е изгубен Не е повреден без рестрикции заемане за дома 167372 Регионална библиотека "Любен Каравелов" Русе Регионална библиотека "Любен Каравелов" Русе Заемна - подръчен фонд 2003-11-05 Заемна - подръчен фонд 9.90 120000679735 П 351/С 37 120000679735 1 5.06 Дост: DA Вид: А N: 25 Дата: 05.11.2003 Дата инв: 06.02.2018 Бележки инв: П2018 Книги
  Не е изгубен Не е повреден без рестрикции ползва се в читалня 167373 Регионална библиотека "Любен Каравелов" Русе Регионална библиотека "Любен Каравелов" Русе Хранилище 2004-06-11 Хранилище 9.90 120000686153 Цб 216573 120000686153 2 5.06 Дост: Dp Вид: Д N: 32 Дата: 30.07.2003 Книги
Vip Innovations Ltd, Rousse, Bulgaria 2025